| 000 | 00414nam a2200145Ia 4500 | ||
|---|---|---|---|
| 008 | 191201s2005 xx 000 0 und d | ||
| 082 |
_a621.38173 _bJAU |
||
| 100 | _aJAIN, Manish | ||
| 245 | 0 | _aUp to Date World Transistors-diodes Thyristors SMD Code Diode IC Linear Digital Analog Vol-1 | |
| 250 | _a1st | ||
| 260 |
_aN.Delhi _bBPB Publication _c2005 |
||
| 300 | _a977 | ||
| 650 | _aB.Tech(ECE) | ||
| 942 |
_2ddc _cBK |
||
| 999 |
_c1995 _d1995 |
||